| 000 | 00574nam a22001937a 4500 | ||
|---|---|---|---|
| 005 | 20250926115757.0 | ||
| 010 | _aENG-146870 | ||
| 020 |
_a9789358703511 _c375.00 |
||
| 035 | _aEN-130402 | ||
| 037 | _bDBAD | ||
| 082 |
_21 _a613.7 |
||
| 245 | _aPYQs 16 Years (2009-2024) NTA NEET Physics/ | ||
| 250 | _a1 | ||
| 260 |
_aUttar Pradesh _bS. Chand Publishing _c2025 |
||
| 270 |
_aD-92, Sector-2, Noida _bUttar Pradesh _e201301 _k61-120-4682700 |
||
| 300 |
_a220p. _c27cm(pb) |
||
| 500 | _aAs per the New Syllabus 2025 | ||
| 942 |
_2ddc _cEN _mNTA _h613.57 |
||
| 999 |
_c213474 _d213474 |
||